The International Business Environment Text and Cases (Record no. 982)

MARC details
000 -LEADER
fixed length control field 00462nam a22001697a 4500
005 - DATE AND TIME OF LATEST TRANSACTION
control field 20180411110059.0
008 - FIXED-LENGTH DATA ELEMENTS--GENERAL INFORMATION
fixed length control field 160518b xxu||||| |||| 00| 0 eng d
020 ## - INTERNATIONAL STANDARD BOOK NUMBER
ISBN 81-203-1141-8
041 ## - LANGUAGE CODE
Language code of text/sound track or separate title eng
082 ## - DEWEY DECIMAL CLASSIFICATION NUMBER
Item number 2755
Classification number 338.88
100 ## - MAIN ENTRY--AUTHOR NAME
Personal name Sundaram A.k and Black J. S
245 ## - TITLE STATEMENT
Title The International Business Environment Text and Cases
260 ## - PUBLICATION, DISTRIBUTION, ETC. (IMPRINT)
Place of publication New Delhi
Name of publisher Prentice hall of India,
Year of publication 2001
300 ## - PHYSICAL DESCRIPTION
Number of Pages 339
650 ## - SUBJECT ADDED ENTRY--TOPICAL TERM
Topical Term Management
942 ## - ADDED ENTRY ELEMENTS (KOHA)
Koha item type Books
Holdings
Lost status Damaged status Collection code Home library Current library Shelving location Date acquired Cost, normal purchase price Full call number Accession Number Koha item type
    MANAGEMENT JRU Library JRU Library SHELF-61-C 18/05/2016 250.00 338.88 2755 Books
    MANAGEMENT JRU Library JRU Library SHELF-61-C 18/05/2016 250.00 338.88 2756 Books
      JRU Library JRU Library   18/05/2016 250.00 338.88 2757 Books
    MANAGEMENT JRU Library JRU Library   18/05/2016 250.00 338.88 2758 Books
    MANAGEMENT JRU Library JRU Library SHELF-61-C 18/05/2016 250.00 338.88 2759 Books
    MANAGEMENT JRU Library JRU Library SHELF-61-C 18/05/2016 250.00 338.88 2760 Books
    MANAGEMENT JRU Library   SHELF-61-B 18/05/2016 250.00 338.88 2761 Books
    MANAGEMENT JRU Library   SHELF-61-B 18/05/2016 250.00 338.88 2762 Books
    MANAGEMENT JRU Library JRU Library SHELF-61-C 18/05/2016 250.00 338.88 2763 Books
    MANAGEMENT JRU Library JRU Library   18/05/2016 250.00 338.88 2764 Books
    MANAGEMENT JRU Library JRU Library   18/05/2016 250.00 338.88 2765 Books
    MANAGEMENT JRU Library JRU Library SHELF-61-C 18/05/2016 250.00 338.88 2766 Books